| 000 | 00868nas a2200277 4500 | ||
|---|---|---|---|
| 001 | BR0808857 | ||
| 003 | BR-BrBNA | ||
| 005 | 20231205112224.0 | ||
| 007 | ta | ||
| 008 | 230509b bl.|||p| |||| 00| 00por d | ||
| 040 |
_aBR-BrBNA _bpor _cBiblioteca Nacional de Agricultura |
||
| 041 | _a(Pt) | ||
| 072 | _aF01; F30 | ||
| 100 | 1 | _aFlores, R.A. | |
| 100 | 1 | _aDall'Agnol, M. | |
| 100 | 1 | _aNabinger, C. | |
| 100 | 1 | _aMontardo, D.P. | |
| 245 | 1 | _aProdução de forragem de populações de azevém anual no estado do Rio Grande do Sul | |
| 650 | _aAZEVÉM | ||
| 650 | _aMELHORAMENTO GENÉTICO VEGETAL | ||
| 650 | _aPOPULAÇÃO DE PLANTA | ||
| 650 | _aRIO GRANDE DO SUL | ||
| 773 | 0 |
_tRevista Brasileira de Zootecnia (Brazil) _xISSN 1516-3598 _g(Jul 2008), v. 37(7) p. 1168-1175 _wBR0808857 |
|
| 909 |
_a202311 _bLúcia _c55 _dLúcia Elande |
||
| 942 |
_2AGRIS _n0 _cANA |
||
| 999 |
_c196810 _d196810 |
||